| 000 | 00476nam a2200181 i 4500 | ||
|---|---|---|---|
| 001 | bg | ||
| 100 | 1 |
_aDomański, Ryszard _d(1928- ). |
|
| 245 | 1 | 0 |
_aTeoretyczne podstawy geografii ekonomicznej / _cR. Domański. |
| 250 | _aWyd.2 zm. | ||
| 260 |
_aWarszawa, _c1987. |
||
| 650 | 9 | _aGeografia gospodarcza | |
| 655 | _aPodręczniki akademickie | ||
| 040 | _cBPK | ||
| 041 | _apol | ||
| 080 | _a911.3::33(075.8) | ||
| 942 | _cKS | ||
| 008 | s pl f |000 0 pol | ||
| 999 |
_c23456 _d23456 |
||
| 856 |
_uhttp://koha.tu.koszalin.pl/cgi-bin/koha/opac-detail.pl?biblionumber=23456 _yKatalog online BPK |
||